| 000 | 00000nam 2200000za 4500 |
| 001 | 9.816660 |
| 003 | CaOODSP |
| 005 | 20221107142310 |
| 007 | cr ||||||||||| |
| 008 | 160502s1999 onc |o f|0| 0 eng d |
| 020 | |z0-660-60366-7 |
| 040 | |aCaOODSP|beng |
| 041 | |aeng|afre |
| 043 | |an-cn--- |
| 086 | 1 |aFs41-31/126-PDF |
| 100 | 1 |aBrunei, Pierre. |
| 245 | 10|aCatalogue des invertébrés marins de l'estuaire et du golfe du Saint-Laurent |h[electronic resource] = |bCatalogue of the marine invertebrates of the Estuary and Gulf of Saint-Lawrence / |cby Pierre Brunei, Luci Bossé et Gabriel Lamarche. |
| 246 | 11|aCatalogue of the marine invertebrates of the Estuary and Gulf of Saint-Lawrence |
| 260 | |aOttawa : |bDepartment of Fisheries and Oceans, |c1998. |
| 300 | |axi, 405 p.|btables, graphs. |
| 490 | 1 |aCanadian special publication of fisheries and aquatic sciences ; |v126 |
| 500 | |aThe catalogue number (0-660-60366-7) and ISBN (Fs41-31/126) for the bilingual print edition have been copied in this electronic publication. |
| 504 | |aIncludes bibliographic references. |
| 546 | |aText in English and French. |
| 692 | 07|2gccst|aCrustaceans |
| 700 | 1 |aBossé, Luci. |
| 700 | 1 |aLamarche, Gabriel. |
| 710 | 1 |aCanada. |bDepartment of Fisheries and Oceans. |
| 792 | |tCatalogue des invertébrés marins de l'estuaire et du golfe du Saint-Laurent |efre|w(CaOODSP)9.816664 |
| 830 | #0|aCanadian special publication of fisheries and aquatic sciences ;|v126|w(CaOODSP)9.816381 |
| 856 | 40|qPDF|s8.39 MB|uhttps://publications.gc.ca/collections/collection_2016/mpo-dfo/Fs41-31-126.pdf |